000 00453nam a2200181Ia 4500
001 18465
005 20260306171632.0
008 260306s9999||||xx |||||||||||||| ||und||
041 _aESP
082 _a658.4052
_bM22
100 _aManuel Dasí, Fernando de
_eAUT
245 0 _aTécnicas de Negociación:
_bun método práctico
260 _c2001
300 _a287 páginas :
_c24 cm
650 _aGEN
654 _aCAN
942 _cLIB
_dJUS
_fJUS
_2ddc
_n
999 _c18465
_d18465